01255nabaa22002177a 4500999001500000003000400015005001700019008004100036040000700077100003000084245012300114300001500237500003700252505042000289505008900709650003200798650003900830650002900869773012600898942001301024 c6192d6192OSt20260125192817.0190701b xxu||||| |||| 00| 0 spa d cPJ 96929aPerrino, Juan Pablo10aPrincipales reformas introducidas por la Ley de Bases al instituto del silencio administrativo /cJuan Pablo Perrino.  ap. 158-174 aCita: TR LALEY AR/DOC/2161/2024  aSumario: I. Introducción.— II. Atribución de efecto positivo al silencio como regla general para los casos de solicitudes de autorizaciones regladas.— III. Equiparación del silencio a la ambigüedad.— IV. Nueva regla para el art. 10 de la LNPA: eliminación del requisito del pronto despacho para el silencio negativo.— V. Efectos del silencio sobre el plazo de prescripción.— VI. Conclusión.  t¿Te interesa el texto completo? Comunicate al correo: koha@justierradelfuego.gov.ar 09211aDERECHO ADMINISTRATIVO 091135aPROCEDIMIENTO ADMINISTRATIVO 0aREFORMA DEL ESTADO931770 0284293251dBuenos Aires : AbeledoPerrot, 2012-oDA121tDerecho administrativo. Nº 155 septiembre/octubre 2024z18510590 2udccANA